00930nam a2200217 a 4500001001000000003000500010005001700015008004100032010001100073011001100084040000900095100004500104245022200149260004100371500006000412502008300472650002900555650002800584650003000612856007000642000109463CHAP20220329144051.0140502s2013 mx a sm |||||||spa d a105925 a106897 cCHAP1 aMora Castañeda, Jesús Germán de la10aCaracterización de la calidad de raíz e incidencia de patógenos en plantaciones forestales comerciales de Eucalyptus globulos y E. nitens en Michocánh[En línea]cpor Jesús Germán de la Mora Castañeda. aChapingo, Méx. :bEl autor,c2013. aPara ver el contenido del material haga clic en la liga aTesis (M.C. en Ciencias Forestales) -- UACH. División de Ciencias Forestales14aEucaliptoxEnfermedades.14aHongos fitopatógenos.14aHongosxIdentificación. aFinding aiduhttp://10.13.5.2/tesis/sist109463.pdfzTeclea aquí